Statistics for Malaysia Airlines Destinations-Kuala Lumpur

Click here to take the quiz!

General Stats

  • This quiz has been taken 25 times
  • The average score is 39 of 60

Answer Stats

Country Airport % Correct
VietnamHo Chi Minh City
100%
ThailandBangkok
100%
IndonesiaJakarta
100%
IndiaDelhi
100%
PhilippinesManila
100%
Hong KongHong Kong
100%
SingaporeSingapore
100%
ChinaShanghai
100%
South KoreaSeoul
100%
JapanTokyo ( Narita)
100%
ChinaBeijing
100%
AustraliaMelbourne
100%
UKLondon ( Heathrow )
100%
VietnamHanoi
100%
AustraliaSydney
100%
AustraliaPerth
100%
AustraliaBrisbane
94%
ChinaGuangzhou
94%
JapanOsaka
94%
BangladeshDhaka
94%
TaiwanTaipei
94%
New ZealandAuckland
94%
NepalKathmandu
94%
IndiaMumbai
94%
Sri LankaColombo
89%
ThailandPhuket
83%
Saudi ArabiaJeddah
83%
AustraliaAdelaide
83%
IndonesiaDenpasar
83%
IndiaBangalore
83%
CambodiaPhnom Penh
78%
IndiaChennai
78%
ChinaXiamen
72%
Saudi ArabiaMedina
72%
BruneiBandar Seri Begawan
67%
IndiaHyderabad
67%
ChinaChongqing
67%
ChinaNanjing
67%
IndonesiaSurabaya
56%
MyanmarYangon
50%
IndonesiaMedan
44%
CambodiaSiem Reap
44%
MalaysiaPenang
39%
MalaysiaKota Kinabalu
33%
ChinaFuzhou
28%
MalaysiaJohor Bahru
28%
MalaysiaKuching
22%
IndiaCochin
22%
MalaysiaAlor Setar
17%
MalaysiaKuantan
17%
MalaysiaSibu
11%
MalaysiaSandakan
11%
MalaysiaMiri
11%
MalaysiaLangkawi
11%
ChinaHaikou
11%
MalaysiaKuala Terengganu
11%
MalaysiaKota Bharu
11%
MalaysiaLabuan
6%
MalaysiaBintulu
6%
MalaysiaTawau
6%

Score Distribution

Percentile by Number Answered

Percent of People with Each Score

Your Score History

You have not taken this quiz